Proxeneta, seu de prudentia ciuili liber recens in sucem protactus vei etenebris erutus (Record no. 8229)

MARC details
000 -CABECERA
campo de control de longitud fija 01128nam a2200313 a 4500
001 - NÚMERO DE CONTROL
campo de control BRCA_8566
005 - FECHA Y HORA DE LA ÚLTIMA TRANSACCIÓN
campo de control 20190320210330.0
008 - DATOS DE LONGITUD FIJA--INFORMACIÓN GENERAL
campo de control de longitud fija 180816s1527----it-#######---#000-0#lat-#
041 ## - CÓDIGO DE LENGUA
Código de lengua del texto/banda sonora o título independiente lat
044 ## - CÓDIGO DEL PAÍS DE LA ENTIDAD EDITORA/PRODUCTORA
Código MARC del país it
050 #4 - SIGNATURA TOPOGRÁFICA DE LA BIBLIOTECA DEL CONGRESO
Número de clasificación KB491
Número de documento/Ítem .C37
-- 1527
100 1# - ENTRADA PRINCIPAL--NOMBRE DE PERSONA
Nombre de persona Cardani, Hieronymi
9 (RLIN) 21451
245 10 - MENCIÓN DE TÍTULO
Título Proxeneta, seu de prudentia ciuili liber recens in sucem protactus vei etenebris erutus
Mención de responsabilidad, etc. Hieronymi Cardani.
260 ## - PUBLICACIÓN, DISTRIBUCIÓN, ETC.
Lugar de publicación, distribución, etc. Lugd. bat
Nombre del editor, distribuidor, etc. Ex officina etzeviriana
Fecha de publicación, distribución, etc. 1527
300 ## - DESCRIPCIÓN FÍSICA
Extensión 767 p.
Dimensiones 13 cm
500 ## - NOTA GENERAL
Nota general Fondo antiguo
500 ## - NOTA GENERAL
Nota general Se encuentra en Caja Fuerte
500 ## - NOTA GENERAL
Nota general P-129
500 ## - NOTA GENERAL
Nota general Contiene epistola y dedicatoria
500 ## - NOTA GENERAL
Nota general Incluye tabla de contenido
500 ## - NOTA GENERAL
Nota general Grabado en portada
500 ## - NOTA GENERAL
Nota general Con Ex-libris de: Franz Mayer
500 ## - NOTA GENERAL
Nota general Nota de encuadernación: en piel pergamino, se encuentra desprendida del lomo
506 0# - NOTA DE RESTRICCIONES AL ACCESO
Limitaciones de acceso Fondo reservado: para su consulta es necesario credencial de usuario y carta de motivos
650 14 - PUNTO DE ACCESO ADICIONAL DE MATERIA--TÉRMINO DE MATERIA
Término de materia o nombre geográfico como elemento de entrada Normas sociales
Subdivisión de forma Trabajos anteriores a 1800
9 (RLIN) 21452
650 14 - PUNTO DE ACCESO ADICIONAL DE MATERIA--TÉRMINO DE MATERIA
Término de materia o nombre geográfico como elemento de entrada Conductas de vida
Subdivisión de forma Trabajos anteriores a 1800
9 (RLIN) 21453
902 ## - CATALOGADOR
Iniciales LAR
942 ## - ELEMENTOS DE PUNTO DE ACCESO ADICIONAL (KOHA)
Fuente del sistema de clasificación o colocación Library of Congress Classification
Tipo de ítem Koha Libros
Holdings
Estado de retiro Estado de pérdida Estado dañado No para préstamo Localización permanente Ubicación/localización actual Fecha de adquisición Número de inventario Total de préstamos Signatura topográfica completa Código de barras Fecha visto por última vez Precio válido a partir de Tipo de ítem Koha
El ejemplar forma parte de la colección y puede ser consultado según las políticas vigentes.       Biblioteca del Museo Franz Mayer (Rogerio Casas-Alatriste) Biblioteca del Museo Franz Mayer (Rogerio Casas-Alatriste) 18/08/2016 P-129   KB491 .C37 1527 (P-129) LAR00070 22/03/2019 22/03/2019 Libros